000 00791nam a2200241 i 4500
001 bg
245 0 0 _aZarządzanie morskim statkiem transportowym oraz jego eksploatacja /
_cpraca pod red. Zdzisława Chuchli ; [aut. rozdz. Zdzisław Chuchla et al. ; Wyższa Szkoła Morska - Gdynia].
260 _aGdynia :
_bWSM,
_c2000.
300 _a235 s. ;
_c21 cm.
504 _aBibliogr.
650 9 _aStatki
_xeksploatacja
650 9 _aTransport morski
_xorganizacja
655 _aPodręczniki akademickie
700 1 _aCHUCHLA, Zdzisław.
_eRed.
710 0 _aWyższa Szkoła Morska (Gdynia)
020 _a8387875910
040 _cBPK
041 0 _apl
080 _a656.61.008:629.54.004](075.8)
920 _a83-87875-91-0
942 _cKS
008 s pl f |000 0 pol
999 _c40945
_d40945
856 _uhttp://koha.tu.koszalin.pl/cgi-bin/koha/opac-detail.pl?biblionumber=40945
_yKatalog online BPK